[Event "EU-ch U12"]
[Site "Bratislava"]
[Date "2019.08.09"]
[Round "8"]
[White "Mikolas, Petr"]
[Black "Vermehren, Nicolas"]
[Result "1-0"]
[WhiteElo "1482"]
[BlackElo "1200"]
[PlyCount "65"]
[EventDate "2019.08.02"]
[EventType "swiss"]
[EventRounds "9"]
[EventCountry "SVK"]
[SourceTitle "EXT 2020"]
[Source "ChessBase"]
[SourceDate "2019.10.17"]
[SourceVersion "1"]
[SourceVersionDate "2019.10.17"]
[SourceQuality "1"]

1. d4 d5 2. c4 e6 3. Nc3 Be7 4. Nf3 Nf6 5. cxd5 exd5 6. Bg5 h6 7. Bh4 0-0 8. e3 Be6 9. Bd3 Nc6 10. 0-0 a6 11. a3 Bg4 12. Qc2 Bxf3 13. gxf3 Re8 14. Qb3 g5 15. Bg3 b5 16. Rac1 Na5 17. Qa2 c6 18. Rfe1 Qd7 19. Kg2 Rab8 20. b4 Nb7 21. Bxb8 Rxb8 22. Ne2 g4 23. f4 Kh8 24. Ng3 h5 25. Nf5 Qe6 26. Nxe7 Qxe7 27. Rxc6 Ne4 28. Qxd5 Qh4 29. Qxe4 Qh3+ 30. Kg1 Kg7 31. Qh7+ Kf8 32. Qh8+ Ke7 33. Qxb8 1-0

[Event "EU-ch U12"]
[Site "Bratislava"]
[Date "2019.08.02"]
[Round "1"]
[White "Lye, Sverre"]
[Black "Vermehren, Nicolas"]
[Result "1-0"]
[WhiteElo "1817"]
[BlackElo "1200"]
[PlyCount "53"]
[EventDate "2019.08.02"]
[EventType "swiss"]
[EventRounds "9"]
[EventCountry "SVK"]
[SourceTitle "EXT 2020"]
[Source "ChessBase"]
[SourceDate "2019.10.17"]
[SourceVersion "1"]
[SourceVersionDate "2019.10.17"]
[SourceQuality "1"]

1. e4 e5 2. Nf3 Nc6 3. Bc4 Bc5 4. 0-0 Nf6 5. d3 h6 6. c3 0-0 7. Nbd2 d6 8. Bb3 Be6 9. Bc2 Ne7 10. d4 exd4 11. cxd4 Bb6 12. b3 Bg4 13. Bb2 Nc6 14. Qb1 Re8 15. Re1 Ba5 16. Re3 Nb4 17. Bd1 Nc6 18. Nc4 Bb4 19. a3 Ba5 20. d5 b5 21. Nxa5 Nxa5 22. Bc2 Qe7 23. Nd4 a6 24. Bc3 Nb7 25. Qb2 Bd7 26. h3 c5 27. dxc6 1-0